LEADER 00976nam1-2200349---450- 001 990002836330203316 005 20061115175917.0 035 $a000283633 035 $aUSA01000283633 035 $a(ALEPH)000283633USA01 035 $a000283633 100 $a20061115h19------km-y0itay50------ba 101 $afre 102 $aFR 105 $a||||||||001yy 200 1 $aDu texte à l'action$fPaul Ricoeur 210 $aParis$cÉditions du Seuil$dcopyr. 19- 215 $a2 v.$d18 cm 225 2 $aCollection Esprit/Seuil 410 0$12001$aCollection Esprit/Seuil 463 \1$1001990002836340203316$12001 $a<> Essais d'herméneutique 606 0 $aErmeneutica 676 $a194 700 1$aRICOEUR,$bPaul$0437317 801 0$aIT$bsalbc$gISBD 912 $a990002836330203316 951 $aII.1.D.$bL.M.$cII.1. 959 $aBK 969 $aUMA 979 $aPAOLA$b90$c20061115$lUSA01$h1759 996 $aDu texte à l'action$9859408 997 $aUNISA LEADER 01298nam--2200385---45-- 001 990000460400203316 010 $a1-57231-819-8 035 $a0046040 035 $aUSA010046040 035 $a(ALEPH)000046040USA01 035 $a0046040 100 $a20010522d2000----km-y0ITAy0103-------ba 101 0 $aENG 102 $aUS 200 1 $aMicrosoft Windows 2000 server administrator's companion$e[the comprehensive, daily operations guide to plannig, deployment, and maintenance]$fCharlie Russel, Sharon Crawford, Microsoft corporation 210 $aWashington$cMicrosoft Press$dcopyr. 2000 215 $aXLVI, 1464 p.$cill.$d30 cm$eCDROM 410 $12001 610 1 $aSistema operativo Windows 610 1 $aProgramma Microsoft Windows 2000 676 $a005.44 700 1$aRussel,$bCharlie$062480 701 1$aCrawford,$bSharon$062481 702 1$aMicrosoft Corporation 801 0$aITA$bCBS$gISBD 912 $a990000460400203316 951 $a005.44 CHA$b0026393 CBS$c005.44$d00104833 959 $aBK 969 $aSCI 979 $aALANDI$b90$c20010522$lUSA01$h0954 979 $aALANDI$b90$c20010614$lUSA01$h1646 979 $c20020403$lUSA01$h1654 979 $aPATRY$b90$c20040406$lUSA01$h1632 996 $aMicrosoft windows 2000 server$91456266 997 $aUNISA